| 000 | 01079cab a22002055a 4500 | ||
|---|---|---|---|
| 001 | L138825 | ||
| 008 | 070713s2007 xxk f 000 0 eng d | ||
| 035 | _a(Sirsi) u138825 | ||
| 041 | 0 | _aeng | |
| 100 | 1 | _aBader, Elana | |
| 245 | 0 | 0 | _aHotel management contracts in Europe |
| 260 | _c2007 | ||
| 490 |
_aJournal of Retail and Leisure Property _v6(2) 171-179(9) |
||
| 520 | _aExamines typical European hotel management contracts. Reviews and details typical terms, definitions and applications. This includes the term of contract; operating fees; operator guarantees; performance measures; owner approval; capital expenditure; NonCompete clauses; dispute resolution; and termination. These are broad indications and any or all of the definitions given may vary significantly. Factors causing such variation include factors such as asset class, location, brand operator and investor type. | ||
| 590 | _aKA | ||
| 651 | 4 | _aEurope | |
| 690 | _aPROPERTY-COMMERCIAL PROPERTY-LEISURE PROPERTY-HOLIDAY AND GUEST PROPERTY-HOTEL PROPERTY | ||
| 700 | 1 | _aLambebedi, Amir | |
| 942 | _n0 | ||
| 999 |
_c79005 _d79005 |
||